Online
Catalog

Estudios sobre Bello / (Record no. 5707)

MARC details
000 -CABECERA
campo de control de longitud fija 00794cam a2200217 a 4500
001 - NÚMERO DE CONTROL
campo de control 000005911
005 - FECHA Y HORA DE LA ÚLTIMA TRANSACCIÓN
campo de control 20200929151833.0
008 - DATOS DE LONGITUD FIJA--INFORMACIÓN GENERAL
campo de control de longitud fija 781005s1970 ve a b f001 0 spa
040 ## - FUENTE DE LA CATALOGACIÓN
Centro catalogador/agencia de origen DO-SdBNP
Centro/agencia transcriptor DLC
Centro/agencia modificador DLC
082 ## - NÚMERO DE LA CLASIFICACIÓN DECIMAL DEWEY
Número de clasificación 928.687
Número de documento/Ítem B446B
100 1# - ENTRADA PRINCIPAL--NOMBRE DE PERSONA
Nombre de persona Barnola, Pedro Pablo.
Forma completa/desarrollada del nombre (Pedro Pablo Barnola),
Fechas asociadas al nombre 1908-1986.
9 (RLIN) 16672
245 10 - MENCIÓN DE TÍTULO
Título Estudios sobre Bello /
Mención de responsabilidad, etc. Pedro P. Barnola.
260 ## - PUBLICACIÓN, DISTRIBUCIÓN, ETC.
Lugar de publicación, distribución, etc. Caracas :
Nombre del editor, distribuidor, etc. Ministerio de Educación. Dirección Técnica, Departamento de Publicaciones,
Fecha de publicación, distribución, etc. 1970.
300 ## - DESCRIPCIÓN FÍSICA
Extensión 295 p. :
Otras características físicas il. ;
Dimensiones 22 cm.
490 1# - MENCIÓN DE SERIE
Mención de serie Vigilia
Designación de volumen o secuencia 22
504 ## - NOTA DE BIBLIOGRAFÍA, ETC.
Nota de bibliografía, etc. Incluye referencias bibliográficas.
600 10 - PUNTO DE ACCESO ADICIONAL DE MATERIA--NOMBRE DE PERSONA
Nombre de persona BELLO, ANDRÈS,
Fechas asociadas al nombre 1781-1865.
9 (RLIN) 16673
650 #0 - PUNTO DE ACCESO ADICIONAL DE MATERIA--TÉRMINO DE MATERIA
Término de materia o nombre geográfico como elemento de entrada Autores venezolanos
Subdivisión cronológica SIGLO XIX
Subdivisión general Biografìa
9 (RLIN) 16674
830 #0 - PUNTO DE ACCESO ADICIONAL DE SERIE-TÍTULO UNIFORME
Título uniforme Vigilia ;
Designación de volumen o secuencia 22
9 (RLIN) 16675
910 ## - DATOS DE OPCIÓN DEL USUARIO (OCLC)
Datos de opción del usuario Catalogación por copia / LC
Holdings
Estado de retiro Estado de pérdida Restricciones de uso No para préstamo Código de colección Localización permanente Ubicación/localización actual Ubicación en estantería Fecha de adquisición Número de inventario Total de préstamos Signatura topográfica completa Código de barras Fecha visto por última vez Precio válido a partir de Tipo de ítem Koha
    Préstamo interno   Monografías: Libros y Folletos General General En catalogación 24.08.2009 LF1   928.687 B446B 5911-10 25.06.2020 25.06.2020 Préstamo interno

Powered by Koha